|
|
|
|
| LEADER |
01677nam a2200313 a 4500 |
| 001 |
GR-MES12846 |
| 008 |
070723s gr b 001 0 gre d |
| 020 |
|
|
|a 0784407134
|
| 040 |
|
|
|a GrPaTEI
|b gre
|c GR-PaULI
|
| 040 |
|
|
|a GrPaTEI
|b gre
|c GR-PaULI
|
| 082 |
|
0 |
|a 624.154
|2 21
|
| 110 |
2 |
|
|a Association of Drilled Shaft Contractors
|
| 245 |
1 |
0 |
|a GeoSupport 2004 :
|b Drilled shafts, micropiling, deep mixing, remedial methods, and specialty foundation systems: Proceedings of sessions of the GeoSupport conference: Innovation and cooperation in the Geo-Industry, January 29-31,2004, Orlando, Florida ; Edited by: John P. Turner, Paul W. Mayne.
|
| 260 |
|
|
|a Reston, Va. :
|b American Society of civil engineers,
|c c2004
|
| 300 |
|
|
|a xv
|a 1045σ. :
|b εικ. ;
|c 22εκ.
|
| 490 |
0 |
|
|a Geotechnical special publication. no.124
|
| 500 |
|
|
|a Sponsored by Internationa Association of Foundation Drilling (ADSC), The Geo-Institute of the American Society of Civil Engineers.
|
| 504 |
|
|
|a Περιλαμβάνει βιβλιογραφίες και ευρετήρια.
|
| 650 |
|
4 |
|a ΘΕΜΕΛΙΩΣΕΙΣ
|
| 653 |
|
|
|a Foundations--Congresses
|
| 653 |
|
|
|a Piling (civil engineering)--Congresses
|
| 653 |
|
|
|a Μηχανική Γεωτεχνική --Συνέδρια
|
| 700 |
1 |
|
|a Mayne, Paul W.
|
| 700 |
1 |
|
|a Turner, John P.
|
| 710 |
2 |
|
|a American Society of Civil Engineers
|
| 942 |
|
|
|2 ddc
|
| 952 |
|
|
|0 0
|1 0
|2 ddc
|4 0
|6 624_154000000000000_GEO
|7 0
|9 271382
|a MSLG
|b MSLG
|c BSC
|d 2021-01-17
|e 24
|f 0
|g 0.00
|l 0
|o 624.154 GEO
|p 2420000022077
|r 2021-01-17 00:00:00
|t 1
|w 2021-01-17
|y BK15
|x 20070723 0 ΤΣΑΝΤΑΡΛΙΩΤΗ 1
|x GrPaTEI
|
| 971 |
|
|
|a .b25788930
|b 15-04-20
|c 13-09-16
|
| 999 |
|
|
|c 156750
|d 156750
|